50 films à remplir - 2011 - Statistiques

Statistiques générales
  • Ce quiz a été pris 207 fois
  • Le résultat moyen est 35 sur 50
Statistiques - réponses
Hint Réponse % Correct
Kung Fu ... 2 Panda
94%
Le Chat ... Potté
92%
Alvin et les ... 3 Chipmunks
91%
La ... des Boutons Guerre
91%
... (avec Omar Sy et François Cluzet) Intouchables
91%
Harry Potter et les Reliques de la ... - 2e partie Mort
91%
... Bad Trip 2 Very
91%
Comment ... son boss ? Tuer
90%
La Nouvelle Guerre des ... Boutons
89%
Rien à ... Déclarer
89%
L'Élève ... Ducobu
89%
Pirates des Caraïbes : La ... de jouvence Fontaine
88%
X-Men : Le ... Commencement
83%
Oslo, 31 ... Août
82%
Mes ... amies Meilleures
82%
La ... aux coquelicots Colline
80%
Les ... du 6e étage Femmes
79%
Les Aventures de Tintin : Le Secret de La ... Licorne
78%
Un ... à Paris Monstre
78%
La Planète des singes : Les ... Origines
78%
... départ Case
77%
Green ... Lantern
76%
Crazy, ..., Love Stupid
75%
The ... Artist
74%
Twilight Chapitre IV : ... - 1re Partie Révélation
73%
La ... des sentiments Couleur
72%
Le Chat du ... Rabbin
71%
Sex ... Friends
70%
... Taupe La
68%
Les ... Schtroumpfs
68%
Captain America: ... Avenger First
67%
... Cabret Hugo
67%
... 3 : La Face Cachée de la Lune Transformers
66%
... de Guerre Cheval
65%
Sherlock Holmes : ... d'ombres Jeu
65%
... et Envahisseurs Cowboys
63%
Mission Impossible : ... Fantôme Protocole
63%
La piel ... habito Que
61%
Bad ... Teacher
61%
The ... of Life Tree
58%
... à Paris Minuit
56%
... Papam Habemus
53%
... Caméras Brisées 5
50%
Le Fils à ... Jo
50%
We Need to Talk About ... Kevin
45%
Real ... Steel
42%
... : Les Hommes qui n'aimaient pas les femmes Millénium
40%
... Punch Sucker
40%
Super ... 8
37%
The Green ... Hornet
34%
Aucun quiz correspondant
Distribution des résultats
% des personnes avec chaque résultat
Percentile par nombre de réponses
Votre historique - résultats
Vous n’avez pas pris ce quiz